Statistics for Primera Liga Espanyol S5 all XI

Click here to take the quiz!

General Stats

  • This quiz has been taken 6 times
  • The average score is 129 of 220

Answer Stats

DrużynaNazwa GraczaPochodzenie% Correct
GIJJoel TorraHiszpania
80%
CFCDorian MarianoHiszpania
80%
BILAlvarro MoralesHiszpania
80%
BILReece GarciaHiszpania
80%
BARMiguel PenaleHiszpania
80%
EIBRodrigo HentandazHiszpania
80%
BARGabriel DavienaHiszpania
80%
EIBRico AlmasHiszpania
80%
BARMathias SpentcerHiszpania
80%
LUGMartin RodriguezHiszpania
80%
MADAdames JamesHiszpania
80%
MADCarlos MatelapHiszpania
80%
LUGFederico ValdesHiszpania
80%
ALMMavelen OrtegaHiszpania
80%
SEVLodi AlvaresHiszpania
80%
GIRAlejos FermezHiszpania
80%
GIRKaian GarciaHiszpania
80%
ALMEdouard CastroHiszpania
80%
ESPAlvares MartinezHiszpania
80%
ESPJuann FernandezHiszpania
80%
REYJulian JorghianHiszpania
80%
REYOddier PerzaHiszpania
80%
ESPJomes KakaHiszpania
80%
REYGavier PerezHiszpania
80%
REYJoltaro BerniquesHiszpania
80%
GIROlliert NicodemoHiszpania
80%
SARMingues LaportoHiszpania
80%
GIRDernas JoteaHiszpania
80%
ESPAcute DemieloHiszpania
80%
CFCJulian BorcaHiszpania
80%
SARFederico ArguielloHiszpania
80%
SARIleandro HereeraHiszpania
80%
GIRDante MoralesHiszpania
80%
ALMAluni HerveyHiszpania
80%
SEVFabien RubesHiszpania
80%
BILBilandro SejunHiszpania
80%
VALArthur OarbeolaHiszpania
80%
SALLorenz VargazHiszpania
80%
GIJLuiz DemarcosHiszpania
80%
TARValde MurioHiszpania
80%
SALDanilo MorenoHiszpania
80%
CATVance VazquesHiszpania
80%
GIJJavier CasenteHiszpania
80%
ADRKlites CaocllenaHiszpania
80%
SOCVictor GuettorHiszpania
80%
ALMRuben MartinezHiszpania
80%
SOCLeto MandaalozaHiszpania
80%
ALMCamilo TomasayHiszpania
80%
VALCaroll NunezHiszpania
80%
VALMachan LiodaroHiszpania
80%
VALLiam Belranca-RalleHiszpania
80%
ESPMarcos DealonsoHiszpania
80%
VALDavo LojaHiszpania
80%
SEVDavid CoranHiszpania
80%
ADRMartin AlvaresHiszpania
80%
ALMDouglas MorenoHiszpania
80%
VALNanu MendesHiszpania
80%
CFCFrandem MevisKanada
80%
SALLucas MoryanKanada
80%
CFCJoryian FelgasKanada
80%
SOCEryk SkowrońPolska
80%
TARAndres RodrianPortugalia
80%
CATJosuel LagosPortugalia
80%
SOCRodrigo GuieueiroPortugalia
80%
BARCountain MoralezPortugalia
80%
GIJMario GrimleosPortugalia
80%
EIBEdouardo PereiraPortugalia
80%
EIBFederico LuizPortugalia
80%
LUGNicolas Da SilvaPortugalia
80%
BARLuiz PrengaPortugalia
80%
ADRSilva MeironsoPortugalia
80%
BILIndigo VallemasPortugalia
80%
BARKristian MoyetesPortugalia
80%
VALDriego CoatesPortugalia
80%
LUGJiminguez CostaPortugalia
80%
SALJames TrustyUSA
80%
CATJerry WillsonUSA
80%
BILBreno NichaielloWłochy
80%
EIBBernardi GuessaWłochy
80%
VALLuizo AstonioWłochy
80%
SOCRecce DaspadoriWłochy
80%
ADRJoneliatio SeiltisWłochy
80%
SARGiorgino LamendiWłochy
80%
BETDomino CalabriaWłochy
80%
BARGiorgio AlvarsaneWłochy
80%
SEVNicodem BurtsAnglia
60%
BARRyan IrvingAnglia
60%
TARDamian BrooksAnglia
60%
CFCAllan LampteyAnglia
60%
SOCDanilo MarchAnglia
60%
CATViktor HutchinsonAnglia
60%
SALPatrick WardAnglia
60%
SARRago SantosBrazylia
60%
TARDaniel FerminoBrazylia
60%
VALPereira CarlitiosBrazylia
60%
LUGThiago AcunaBrazylia
60%
SALLucas FelipeBrazylia
60%
TARGabielo FelgasBrazylia
60%
SARVasmo LivemezBrazylia
60%
SEVGabriel SilvaBrazylia
60%
CATLukas GarzaCzarnogóra
60%
BARKristopher BestalleDania
60%
ESPDealor NandesDania
60%
SALFelip DarrensonDania
60%
SARKristen NaulssenDania
60%
MADRico LeversenDania
60%
BILCrisstopjer KalgherrDania
60%
BETKristian AntonioDania
60%
ESPCamilo CalimenesEgipt
60%
CFCBahli Ahel KorazEgipt
60%
REYPedri KehresEgipt
60%
ESPDejean MearhanEgipt
60%
REYRivco RahminoEgipt
60%
MADAivan PukkinsFinlandia
60%
LUGDominik KostaenosGrecja
60%
SALMartin DamaHolandia
60%
EIBKajtiel BerjwinsHolandia
60%
EIBKurthis JamesIrlandia
60%
BILSanetu KiromoJaponia
60%
MADKitoyeu SamotaJaponia
60%
GIJMarino RodriguesKolumbia
60%
SALRodrigo PerrazKolumbia
60%
SEVSamuel SanchezKolumbia
60%
ALMDiogo JiminezMeksyk
60%
CATRuiz LenguerdoMeksyk
60%
TARLeandro TurroMeksyk
60%
MADAlvaro CunhaMeksyk
60%
LUGMigel ArrbrandMeksyk
60%
ALMRodrigo MendezMeksyk
60%
SEVMigo AntarraMeksyk
60%
MADLeonies TerrascoMeksyk
60%
EIBDaniel BurmazNiemcy
60%
REYPaul LaneNiemcy
60%
ADRDavid MehzerNiemcy
60%
REYLeon DietzellNiemcy
60%
ALMDavjid RonardeNorwegia
60%
BETMichael SargonNorwegia
60%
CFCMiguel AlavarezParagwaj
60%
VALLeandro DoucarParagwaj
60%
TARCarlos MorenoParagwaj
60%
ADRDgande SahmeliRPA
60%
REYLirana AkangiRPA
60%
GIJMikiel Jakin-RantovićSerbia
60%
BETRejen CoopersSzkocja
60%
SALDorian PerkinsonSzkocja
60%
EIBTelian BradfordSzkocja
60%
BETGeorge RoodlandSzkocja
60%
BETErik DarmenSzwecja
60%
BILMichael NebriesWalia
60%
ALMAntony WesleyWalia
60%
CATRuebben KaneWalia
60%
CATAndy BurtonWalia
60%
BETJack WilliamsWalia
60%
LUGDarraz MekherAlgieria
40%
CATLucas HerreeraAndora
40%
TARGuti DominguezAndora
40%
SARErniques PeresAndora
40%
ESPMiguel AreanolaArgentyna
40%
GIJLuiz GrimleossArgentyna
40%
SOCMichealo HernandezArgentyna
40%
TARErwin GroBAustria
40%
SOCDan RodherAustria
40%
MADJosen AlmirionBoliwia
40%
SARDavido MartinezBoliwia
40%
GIRAdrian RenineBoliwia
40%
BETCosro RalavezBoliwia
40%
BARJese AlmirionChile
40%
EIBLestero SejuirosChile
40%
SALHoward GomezChile
40%
ADRFerenc OuntellarFrancja
40%
CATCaroll MaddoxFrancja
40%
ADRMathen TheronFrancja
40%
SOCRuiz BrewerFrancja
40%
LUGFranco MercizoFrancja
40%
ADRPaulo AsenricoFrancja
40%
SARMarcun DiguezFrancja
40%
GIRDigio MacxrocFrancja
40%
GIRKisrer ArenolaFrancja
40%
TARAlivan CarmenFrancja
40%
SEVTray MendesFrancja
40%
SEVKristian HervingeFrancja
40%
SEVFloye OctavinoFrancja
40%
REYMigel AknielsonIslandia
40%
VALMarkus LoressconIslandia
40%
SOCWu-San LeeneKorea Południowa
40%
EIBSaikimo SajetsuKorea Południowa
40%
BILSvebter VizgenaLiechtenstein
40%
CFCAdiro DurmazMaroko
40%
MADAlejandro OsmehneMaroko
40%
TARSamuiel BurcicMołdawia
40%
ADRUrger DazmanTurcja
40%
MADMarco TavaresUrugwaj
40%
SEVRadon JesusUrugwaj
40%
ADRAhmeds ItanahArabia Saudyjska
20%
BETThompson JamesAustralia
20%
GIJDejan JelenevicBośnia
20%
ESPAlberik BourcestBułgaria
20%
BILMartin GomiesCzechy
20%
BILJenal JnickCzechy
20%
BETTomas KelmimEstonia
20%
CFCBanemo MapeetuEtiopia
20%
GIRAntonio MigaeloGruzja
20%
LUGLorris OcamposGwatemala
20%
GIRNahir KadariaKatar
20%
CFCDanga SarosiKenia
20%
SARMarcion SalisenKongo
20%
ALMDyego CalvindeLibia
20%
GIRJoltaro VazquezaNikaragua
20%
LUGAlejandro PalmasNikaragua
20%
CATDragas DelgadonNikaragua
20%
CFCKalembo SufraRŚA
20%
SOCAdriana CeviejeszSłowacja
20%
ESPAdrian MikanovićSłowenia
20%
GIJMares GustavosTunezja
20%
REYDaniel MegrhezTunezja
20%
BARErik TamasuBangladesz
0%
MADMarces BenavezDominika
0%
BETDergemo AgraDżibuti
0%
GIJBenrahma GreiyeSudan
0%
GIJDoucure KounoloTuvalu
0%

Score Distribution

Percentile by Number Answered

Percent of People with Each Score

Your Score History

You have not taken this quiz